000 00577nam a22002537a 4500
003 UA-OsUOA
001 22609
007 ta
008 20031223b un ||||| |||| 00| 0 ukr d
100 _aМельников В.Н.
090 _a161
_bМ48
942 _cBK
040 _aUA-OsUOA
_brus
_cUA-OsUOA
_dUA-OsUOA
245 _aЛогические задачи
300 _a344 с.
955 _a0
041 _arus
080 _a161
020 _a5-11-001395-0
260 _aКиев
_bВища школа
_c1989
044 _aUA
650 7 _2UDC
999 _c308831
_d308831